জমিদার দর্পণে : (Record no. 299563)
[ view plain ]
| 000 -LEADER | |
|---|---|
| fixed length control field | 01316nam a2200421 a 4500 |
| 001 - CONTROL NUMBER | |
| control field | vtls000339763 |
| 003 - CONTROL NUMBER IDENTIFIER | |
| control field | NLI |
| 005 - DATE AND TIME OF LATEST TRANSACTION | |
| control field | 20210602162929.0 |
| 008 - FIXED-LENGTH DATA ELEMENTS--GENERAL INFORMATION | |
| fixed length control field | 110113s1996 ii df 000 0 ben |
| 020 ## - INTERNATIONAL STANDARD BOOK NUMBER | |
| Terms of availability | Rs. 70.00 |
| 039 #9 - LEVEL OF BIBLIOGRAPHIC CONTROL AND CODING DETAIL [OBSOLETE] | |
| -- | 201101131906 |
| -- | VLOAD |
| 040 ## - CATALOGING SOURCE | |
| Original cataloging agency | NLI : |
| Language of cataloging | eng |
| Transcribing agency | NLMARC21 |
| 041 0# - LANGUAGE CODE | |
| Language code of text/sound track or separate title | ben |
| 044 ## - COUNTRY OF PUBLISHING/PRODUCING ENTITY CODE | |
| MARC country code | ii |
| 082 04 - DEWEY DECIMAL CLASSIFICATION NUMBER | |
| Classification number | 929.2 |
| Edition number | 22 |
| 100 1# - MAIN ENTRY--PERSONAL NAME | |
| Linkage | 880-01 |
| Personal name | রায়চৌধুরী, সমীর |
| Dates associated with a name | 1938- |
| 9 (RLIN) | 506246 |
| 245 10 - TITLE STATEMENT | |
| Linkage | 880-02 |
| Title | জমিদার দর্পণে : |
| Remainder of title | টাকি/ |
| Statement of responsibility, etc. | সমীর রায়চৌধুরী |
| 260 ## - PUBLICATION, DISTRIBUTION, ETC. | |
| Place of publication, distribution, etc. | কলকাতা : |
| Name of publisher, distributor, etc. | টাকি হাউস, |
| Date of publication, distribution, etc. | 1996 |
| 300 ## - PHYSICAL DESCRIPTION | |
| Extent | [8], 223 p., [4] p. of plates : |
| Other physical details | chart; |
| Dimensions | 22 cm. |
| 504 ## - BIBLIOGRAPHY, ETC. NOTE | |
| Bibliography, etc. note | Includes bibliographical references |
| 650 #0 - SUBJECT ADDED ENTRY--TOPICAL TERM | |
| Topical term or geographic name entry element | Family |
| General subdivision | History |
| 9 (RLIN) | 494685 |
| 650 #0 - SUBJECT ADDED ENTRY--TOPICAL TERM | |
| Topical term or geographic name entry element | Genealogy |
| 9 (RLIN) | 137002 |
| 700 1# - ADDED ENTRY--PERSONAL NAME | |
| Linkage | 880-03 |
| 700 1# - ADDED ENTRY--PERSONAL NAME | |
| Linkage | 880-04 |
| 700 1# - ADDED ENTRY--PERSONAL NAME | |
| Linkage | 880-05 |
| 880 1# - ALTERNATE GRAPHIC REPRESENTATION | |
| Linkage | 100-01(B |
| a | Raycaudhuri, Samir |
| d | 1938- |
| 880 10 - ALTERNATE GRAPHIC REPRESENTATION | |
| Linkage | 245-02(B |
| a | Jamidar darpane : |
| b | taki |
| c | Samir Raycaudhuri |
| 880 1# - ALTERNATE GRAPHIC REPRESENTATION | |
| Linkage | 700-03(B |
| 880 1# - ALTERNATE GRAPHIC REPRESENTATION | |
| Linkage | 700-04(B |
| 880 1# - ALTERNATE GRAPHIC REPRESENTATION | |
| Linkage | 700-05(B |
| 887 ## - NON-MARC INFORMATION FIELD | |
| Content of non-MARC field | Subrata Biswas |
| 901 ## - LOCAL DATA ELEMENT A, LDA (RLIN) | |
| a | 55980 |
| b | 30.04.98 |
| 902 ## - LOCAL DATA ELEMENT B, LDB (RLIN) | |
| a | B929.2 Ra8148j |
| 904 ## - LOCAL DATA ELEMENT D, LDD (RLIN) | |
| a | Subrata Biswas |
| 949 ## - LOCAL PROCESSING INFORMATION (OCLC) | |
| -- | VIRTUAITEM |
| -- | 10000 |
| -- | 100 |
| 6 | DBA000055980BEN |
| 942 ## - ADDED ENTRY ELEMENTS (KOHA) | |
| Source of classification or shelving scheme | Dewey Decimal Classification |
| Koha item type | Books |
| Withdrawn status | Lost status | Damaged status | Not for loan | Collection code | Home library | Current library | Shelving location | Date acquired | Total Checkouts | Full call number | Barcode | Date last seen | Price effective from | Koha item type |
|---|---|---|---|---|---|---|---|---|---|---|---|---|---|---|
| Bengali | National Library of India | National Library of India | Bengali - Books - Main Stack Division | B929.2 Ra8148j | DBA000055980BEN | 02/06/2021 | 02/06/2021 | Books |
